| 000 | 00442nam a2200169Ia 4500 | ||
|---|---|---|---|
| 005 | 20250508150923.0 | ||
| 008 | 008 250505s9999 xx 000 0 eng d | ||
| 037 | _aTextual | ||
| 040 |
_aFEDL _beng _cFEDL |
||
| 041 |
_aeng _2eng |
||
| 084 |
_a370.70954, DEL _qFEDL |
||
| 245 | 0 | _aReport of the educational gathering | |
| 260 | _c1951 | ||
| 300 | _a112p. | ||
| 942 |
_cTEXL _h370.70954, DEL |
||
| 999 |
_c1326474 _d1326474 |
||